[Event "HUN-ch"]
[Site "HUN"]
[Date "1984.??.??"]
[Round "8"]
[White "Horvath, Tamas"]
[Black "Utasi, Tamas"]
[Result "0-1"]
[WhiteElo "2440"]
[BlackElo "2350"]

1.e4 c5 2.Nf3 d6 3.Bb5+ Bd7 4.Bxd7+ Qxd7 5.O-O Nc6 6.c3 Nf6 7.Qe2 Qg4 8.d3 Ne5
9.Nbd2 Nh5 10.d4 Nf4 11.Qb5+ Nc6 12.Ne1 O-O-O 13.f3 Qh5 14.d5 Ne5 15.Nb3 a6
16.Qb6 Ne2+ 17.Kf2 Nc4 18.Qa7 Nxc1 19.Nxc5 dxc5 20.Qxc5+ Kb8 21.Qxc4 Qh6
22.Qd4 Qh4+ 23.Ke3 e5 24.Qxe5+ Bd6 25.Qf5 Rhe8 26.Rxc1 g6 27.Qg4 Qh6+ 28.f4 Rxe4+
29.Kd3 Bxf4 30.Rxf4 Rxf4 31.Qg3 Rxd5+ 32.Kc2 Qh4 33.Qxh4 Rxh4 34.Nf3 Rg4
35.Rg1 Rf5 36.h3 Rg3 37.Ne1 Rf2+ 38.Kb3 b5 39.a3 Kb7 40.Rh1 f5 41.h4 h6 42.a4 bxa4+
43.Ka3 f4 44.Ka2 Rxc3  0-1

[Event "ISR-ch"]
[Site "?"]
[Date "1984.??.??"]
[Round "?"]
[White "Marantz, Michael"]
[Black "Gutman, Lev"]
[Result "0-1"]
[WhiteElo "2420"]
[BlackElo "2480"]

1.e4 c5 2.Nf3 d6 3.Bb5+ Nc6 4.b4 cxb4 5.d4 Bd7 6.O-O g6 7.a3 bxa3 8.Nxa3 Bg7
9.c3 Nf6 10.Re1 O-O 11.Bd3 d5 12.e5 Ne8 13.Nc2 Nc7 14.Ng5 Ne6 15.Nxe6 Bxe6
16.h4 Qd7 17.h5 Bg4 18.f3 Bf5 19.Ne3 Bxd3 20.Qxd3 Rac8 21.Bd2 f6 22.f4 f5
23.hxg6 hxg6 24.g4 e6 25.gxf5 gxf5 26.Kf2 Ne7 27.Qe2 Rf7 28.Rh1 Ng6 29.Kf3 Bf8
30.Rag1 Rg7 31.Qh2 Kf7 32.Qh5 Ba3 33.Kf2 Rh8 34.Qf3 Rxh1 35.Rxh1 Qb5 36.Nd1 Be7
37.Ke3 a5 38.Nf2 Nxf4 39.Kxf4 Bg5+ 40.Kg3 Bxd2+ 41.Kh2 Qb2 42.Qh5+ Ke7 43.Rf1 Qxc3
44.Qh4+ Bg5  0-1

[Event "ISR-ch"]
[Site "?"]
[Date "1984.??.??"]
[Round "?"]
[White "Marantz, Michael"]
[Black "Gruenfeld, Yehuda"]
[Result "1/2-1/2"]
[WhiteElo "2420"]
[BlackElo "2435"]

1.e4 c5 2.Nf3 d6 3.Bb5+ Bd7 4.Bxd7+ Qxd7 5.O-O Nc6 6.b3 Nf6 7.Re1 g6 8.Bb2 e5
9.c3 Bg7 10.d4 Rd8 11.Nbd2 O-O 12.Nf1 exd4 13.cxd4 cxd4 14.Nxd4 Rfe8 15.f3 d5
16.Nxc6 bxc6 17.exd5 Rxe1 18.Qxe1 cxd5 19.Bd4 Ne8 20.Qd2 Bxd4+ 21.Qxd4 Ng7
22.Rd1 Nf5 23.Qf6 d4 24.g4 Ng7 25.Ng3 Ne8 26.Qe5 f6 27.Qc5 Qe6 28.Kg2 Qe3
29.Qc4+ Kg7 30.Qe2 Qe5 31.Re1 d3 32.Qxe5 fxe5 33.Rd1 Nc7 34.Kf2 Ne6 35.Ke3 Nf4
36.Kd2 h5 37.g5 h4 38.Ne4 Rc8 39.Rc1 Rxc1 40.Kxc1 Ne2+ 41.Kd2 Nd4 42.Ke3  1/2-1/2

[Event "Jajce (Women)"]
[Site "Jajce"]
[Date "1984.??.??"]
[Round "?"]
[White "Pihajlic, Amalija"]
[Black "Gaprindashvili, Nona"]
[Result "0-1"]
[WhiteElo "2090"]
[BlackElo "2330"]

1.e4 c5 2.Nf3 d6 3.Bb5+ Nd7 4.d4 Nf6 5.Nc3 cxd4 6.Qxd4 e6 7.O-O a6 8.Bd3 Be7
9.Bg5 h6 10.Bd2 Qc7 11.Ne2 e5 12.Qa4 O-O 13.c4 Nc5 14.Qc2 Be6 15.b3 Nxd3
16.Qxd3 b5 17.cxb5 axb5 18.Qxb5 Nxe4 19.Rfc1 Qb8 20.Qxb8 Rfxb8 21.Be1 Rb7
22.Nd2 Nxd2 23.Bxd2 Rba7 24.a4 Bxb3 25.a5 d5 26.Ng3 Bd8 27.Ra3 Bc4 28.Rca1 Be7
29.Re3 Bg5  0-1

[Event "Jajce (Women)"]
[Site "Jajce"]
[Date "1984.??.??"]
[Round "?"]
[White "Pihajlic, Amalija"]
[Black "Macek, Vlasta"]
[Result "1/2-1/2"]
[WhiteElo "2090"]
[BlackElo "2085"]

1.e4 c5 2.Nf3 d6 3.Bb5+ Nd7 4.O-O Nf6 5.e5 dxe5 6.Nxe5 a6 7.Bxd7+ Nxd7 8.Qe2 Nxe5
9.Qxe5 Qd6 10.Qg5 h6 11.Qh5 g6 12.Qf3 Bg7 13.d3 O-O 14.Nd2 Qc7 15.Nc4 e5
16.Ne3 Be6 17.Ng4 Bxg4 18.Qxg4 b5 19.f4 exf4 20.Bxf4 Qc6 21.Rae1 Rfe8 22.b3 f5
23.Qd1 Rxe1 24.Rxe1 Re8 25.Kf1 Kf7  1/2-1/2

[Event "Kragujevac"]
[Site "Kragujevac"]
[Date "1984.??.??"]
[Round "4"]
[White "Novoselski, Zoran"]
[Black "Martinovic, Slobodan"]
[Result "0-1"]
[WhiteElo "2410"]
[BlackElo "2460"]

1.e4 c5 2.Nf3 d6 3.Bb5+ Nc6 4.O-O Bd7 5.Re1 a6 6.Bf1 Bg4 7.h3 Bxf3 8.Qxf3 g6
9.a4 Bg7 10.Na3 Nf6 11.c3 O-O 12.Rb1 Rc8 13.Qd1 Nd7 14.Nc2 Nb6 15.Ne3 e6
16.b4 cxb4 17.cxb4 Nd4 18.Bb2 d5 19.b5 axb5 20.Bxb5 dxe4 21.Ba3 Nd5 22.Bxf8 Bxf8
23.Nxd5 exd5 24.d3 Rc2 25.dxe4 Qf6 26.Rf1 Qh4 27.Rc1 Rxc1 28.Qxc1 Bd6 29.Qc8+ Kg7
30.Qe8 Nf3+ 31.Kh1 Nd2 32.Re1 Qf4  0-1

[Event "BKL-Turnier"]
[Site "Leipzig"]
[Date "1984.??.??"]
[Round "2"]
[White "Boehnisch, Manfred"]
[Black "Gross, Stefan"]
[Result "1/2-1/2"]
[WhiteElo "2335"]
[BlackElo "2410"]

1.e4 c5 2.Nf3 d6 3.Bb5+ Bd7 4.Bxd7+ Qxd7 5.O-O Nf6 6.Re1 Nc6 7.b3 e6 8.Bb2 Be7
9.d4 cxd4 10.Nxd4 d5 11.exd5 Qxd5 12.c4 Qd7 13.Nxc6 Qxc6 14.Nc3 Rd8 15.Qe2 O-O
16.Rad1 a6 17.h3 Rfe8 18.Rxd8 Rxd8 19.Rd1 Rxd1+ 20.Nxd1 b5 21.Ne3 Kf8 22.Qd3 h6
23.Kf1 Ne4 24.cxb5 axb5 25.Nc2 Bf6 26.Nb4 Qc5 27.Qxe4 Bxb2 28.Nd3 Qc2  1/2-1/2

[Event "SWE-ch"]
[Site "Linkoping"]
[Date "1984.??.??"]
[Round "?"]
[White "Bengtsson, Bo"]
[Black "Ernst, Thomas"]
[Result "1/2-1/2"]
[WhiteElo "2200"]
[BlackElo "2415"]

1.e4 c5 2.Nf3 d6 3.Bb5+ Nd7 4.O-O e5 5.Re1 Nf6 6.c3 a6 7.Bf1 g6 8.d4 Bg7
9.dxe5 dxe5 10.Nbd2 O-O 11.a4 b6 12.Nc4 Bb7 13.Nd6 Bc6 14.Bc4 b5 15.axb5 axb5
16.Rxa8 Qxa8 17.Nxb5 Nb6 18.Nd6 Nxc4 19.Nxc4 Nxe4 20.Nfxe5 Bb7 21.Nd7 Rd8
22.Ncb6 Qa5 23.f3 Nxc3 24.bxc3 Qxc3 25.Qe2 Bd4+ 26.Kh1 Kg7 27.Be3 Qxe3 28.Qxe3 Bxe3
29.Rxe3 Bc6 30.Rd3  1/2-1/2

[Event "London P&D Knights"]
[Site "London"]
[Date "1984.??.??"]
[Round "8"]
[White "Lawton, Geoffrey W"]
[Black "McKay, Roderick M"]
[Result "1/2-1/2"]
[WhiteElo "2395"]
[BlackElo "2355"]

1.e4 c5 2.Nf3 d6 3.Bb5+ Bd7 4.Bxd7+ Qxd7 5.O-O e6 6.c3 Nf6 7.Qe2 Nc6 8.d4 cxd4
9.cxd4 d5 10.e5 Ne4 11.Be3 Be7 12.Ne1 O-O 13.Nd3 f6 14.f3 Ng5 15.Nc3 Rac8
16.Rac1 Nf7 17.f4 b6 18.Qd2 Kh8 19.Ne2  1/2-1/2

[Event "Bayern-ch"]
[Site "Marktredwitz"]
[Date "1984.??.??"]
[Round "?"]
[White "Scheipl, Ralf"]
[Black "Wachinger, Guenther"]
[Result "1-0"]
[WhiteElo "2325"]
[BlackElo "2220"]

1.e4 c5 2.Nf3 d6 3.Bb5+ Bd7 4.Bxd7+ Qxd7 5.c4 e5 6.Nc3 g6 7.O-O Bg7 8.d3 Ne7
9.Bd2 O-O 10.Rb1 Nbc6 11.Nd5 f5 12.Bg5 h6 13.Bxe7 Nxe7 14.Nxe7+ Qxe7 15.b4 Bf6
16.Rb2 Rf7 17.Qe2 Re8 18.Rfb1 b6 19.a4 Qe6 20.a5 cxb4 21.axb6 a5 22.Ra2 Bd8
23.Rxa5 Bxb6 24.Ra6 Bc5 25.Nd2 Qc8 26.Rba1 Ref8 27.h3 f4 28.Qg4 Kg7 29.Qxc8 Rxc8
30.Nb3 Rb7 31.Kf1 Kf7 32.Ke2 Rcc7 33.f3 Rc8 34.Kd2 Be3+ 35.Kc2 Bc5 36.Nxc5 dxc5
37.Rd6 Re7 38.Raa6 Rce8 39.Rf6+ Kg8 40.Rfc6 Rd7 41.Rxc5 b3+ 42.Kc3 b2 43.Rxg6+ Kh7
44.Rb6 Ra8 45.Rxb2 Ra3+ 46.Rb3  1-0

[Event "Bayern-ch"]
[Site "Marktredwitz"]
[Date "1984.??.??"]
[Round "?"]
[White "Scheipl, Ralf"]
[Black "Ploetz, Werner"]
[Result "1/2-1/2"]
[WhiteElo "2325"]
[BlackElo "2245"]

1.e4 c5 2.Nf3 d6 3.Bb5+ Nd7 4.d4 Nf6 5.Nc3 cxd4 6.Qxd4 e5 7.Qd3 h6 8.a4 a6
9.Bc4 Nc5 10.Qe2 Bd7 11.O-O Bc6 12.Rd1 Qc7 13.Nd5 Bxd5 14.Bxd5 Be7 15.Ra3 O-O
16.b4 Ncd7 17.Ba2 Rac8 18.c4 Nh7 19.Rad3 Rfd8 20.Ne1 Nhf8 21.Nc2 Ne6 22.Rg3 Bg5
23.Bxg5 Nxg5 24.h4 Ne6 25.Ne3 Nf4 26.Qg4 g6 27.c5 Nf6 28.Qf5 Kg7 29.cxd6 Qc3
30.Kh2 Qb2 31.d7 Rc6 32.Bd5 N6xd5 33.exd5 Rf6 34.Qe4 Rxd7 35.Rf3 Nh5 36.Qg4 Rxf3
37.Qxf3 Nf6 38.Ng4 Nxg4+ 39.Qxg4 Rd6 40.f3 Qc3 41.Qe4 f5 42.Rd3 fxe4 43.Rxc3 Rxd5
44.Rc7+ Kf6 45.fxe4 Rd4 46.Rxb7 Rxe4 47.g3 Kf5 48.Rb6 h5 49.a5 Re2+ 50.Kg1 Rb2
51.Rxa6 Rxb4 52.Kf2 Ra4  1/2-1/2

[Event "Bayern-ch"]
[Site "Marktredwitz"]
[Date "1984.??.??"]
[Round "?"]
[White "Ploetz, Werner"]
[Black "Kestler, Hans Guenther"]
[Result "0-1"]
[WhiteElo "2245"]
[BlackElo "2410"]

1.e4 c5 2.Nf3 d6 3.Bb5+ Bd7 4.Bxd7+ Nxd7 5.O-O Ngf6 6.Qe2 e6 7.d4 cxd4 8.Nxd4 Be7
9.c4 O-O 10.Nc3 a6 11.b3 Rc8 12.Bb2 Qa5 13.Rac1 Rfe8 14.Rfd1 Bf8 15.Rc2 Qg5
16.Nf3 Qa5 17.Nd4 Ne5 18.Qd2 Qc5 19.Kh1 Ng6 20.f3 Rcd8 21.Nde2 Qc7 22.Qc1 Rc8
23.Nd4 Red8 24.Qg5 h6 25.Qg3 b6 26.Rcd2 Qb7 27.Qe1 Nd7 28.Re2 Nc5 29.Bc1 Qe7
30.Be3 Re8 31.Red2 Qb7 32.Qf2 Be7 33.Qg1 Nd7 34.Rc1 Nf6 35.Rdc2 Rc7 36.a4 Nd7
37.Nde2 Nc5 38.Rb1 Nd7 39.Nf4 Nge5 40.Qf1 Rc6 41.Nd3 Nxd3 42.Qxd3 Bf6 43.Bd4 Nc5
44.Qd2 Be5 45.f4 Bxd4 46.Qxd4 e5 47.fxe5 dxe5 48.Qe3 Rg6 49.b4 Ne6 50.Nd5 Nd4
51.Rc3 Qd7 52.a5 bxa5 53.bxa5 Qa4 54.h3 Qa2 55.Rg1 Qxa5 56.Ra3 Qc5 57.Ra4 Rb8
58.Qf2 Rb7 59.Rf1 Kh7 60.Qe3 Rb2 61.Rf2 Rb3 62.Qe1 Qc6 63.Qa1 Qe6 64.Qf1 Rbg3
65.Kh2 f5 66.exf5 Nxf5 67.Raa2 Nh4 68.Rae2 Qd7 69.Rd2 Qe6 70.Rde2 R6g5 71.Ne3 e4
72.Ng4 Rc3 73.Rf4 Rxc4 74.Rexe4 Rxe4 75.Qb1 Rb5 76.Qxe4+ Qxe4 77.Rxe4 Rb2
78.Kg3 g5 79.Ne3 Re2  0-1

[Event "NOR-ch"]
[Site "Oslo"]
[Date "1984.??.??"]
[Round "11"]
[White "Haugli, Petter"]
[Black "Moen, Ole Christian"]
[Result "1-0"]
[WhiteElo "2275"]
[BlackElo "2285"]

1.e4 c5 2.Nf3 d6 3.Bb5+ Bd7 4.Bxd7+ Nxd7 5.c4 Ngf6 6.Nc3 e6 7.O-O Be7 8.d4 cxd4
9.Nxd4 a6 10.b3 Rc8 11.Bb2 O-O 12.Qe2 Qa5 13.Rad1 b5 14.cxb5 Rxc3 15.Qe1 Nxe4
16.Nc6 Rxc6 17.Qxa5 Rc2 18.Bd4 e5 19.Be3 axb5 20.Qxb5 Ndf6 21.a4 d5 22.Rxd5 Nxd5
23.Qxd5 Nc3 24.Qb7 Bf6 25.a5 Ra2 26.a6 h5 27.b4 Rd8 28.a7 Kh7 29.b5 Nd5 30.Qxf7 Rb2
31.a8=Q  1-0

[Event "CAN-ch"]
[Site "Ottawa"]
[Date "1984.??.??"]
[Round "8"]
[White "Morrison, Robert"]
[Black "Reeve, Jeff"]
[Result "1-0"]
[WhiteElo "2380"]
[BlackElo "2200"]

1.e4 c5 2.Nf3 d6 3.Bb5+ Nc6 4.O-O Nf6 5.Re1 e5 6.Bxc6+ bxc6 7.c3 Bg4 8.d4 Bxf3
9.Qxf3 Nd7 10.Qg3 cxd4 11.cxd4 Qa5 12.Bd2 Qb6 13.dxe5 Nxe5 14.Bc3 f6 15.Nd2 Kf7
16.Kh1 Be7 17.f4 Ng6 18.e5 dxe5 19.fxe5 Nxe5 20.Bxe5 fxe5 21.Nc4 Qa6 22.Nxe5+  1-0

[Event "Plovdiv"]
[Site "Plovdiv"]
[Date "1984.??.??"]
[Round "4"]
[White "Tringov, Georgi P"]
[Black "Georgiev, Krum"]
[Result "1/2-1/2"]
[WhiteElo "2435"]
[BlackElo "2445"]

1.e4 c5 2.Nf3 d6 3.Bb5+ Bd7 4.Bxd7+ Qxd7 5.O-O Nc6 6.c3 Nf6 7.Qe2 e6 8.d4 cxd4
9.cxd4 d5 10.e5 Ne4 11.Rd1 Be7 12.Ne1 f6 13.f3 Ng5 14.Nc3 O-O 15.f4 Nf7 16.Nf3  1/2-1/2

[Event "Reykjavik op"]
[Site "Reykjavik"]
[Date "1984.??.??"]
[Round "3"]
[White "Karlsson, Hilmar"]
[Black "Nykopp, Jan Michael F"]
[Result "1/2-1/2"]
[WhiteElo "2220"]
[BlackElo "2300"]

1.e4 c5 2.Nf3 d6 3.Bb5+ Bd7 4.Bxd7+ Qxd7 5.O-O Nf6 6.Qe2 Nc6 7.c3 e6 8.d4 cxd4
9.Nxd4 Be7 10.Rd1 O-O 11.Bg5 Nxd4 12.cxd4 h6 13.Bh4 d5 14.e5 Nh7 15.Bxe7 Qxe7
16.Nc3 Rfc8 17.Rac1 Rc6 18.Nb5 Rac8 19.Rxc6 Rxc6 20.Nxa7 Ra6 21.Nb5 Rxa2
22.Qd2 Ra8 23.Rc1 Ng5 24.f3 Nh7 25.Nd6 Nf8 26.Qc3 Ng6 27.g3 f6 28.f4 fxe5
29.dxe5 Qd7 30.b3 Nf8 31.Qb4 Ra6 32.Nxb7 Qe8 33.Qd2 Qa8 34.Nc5 Ra2 35.Rc2 Ra1+
36.Rc1 Ra2 37.Rc2 Ra1+ 38.Kg2 d4+ 39.Kh3 Qd5 40.Rc4 Qf3 41.Qd3 Qh5+ 42.Kg2 Rd1
43.Qc2 Ng6 44.h3 Re1 45.Kf2 Rh1 46.Qd3 Qxh3 47.Ne4 Qh2+ 48.Kf3 Qh5+ 49.Kf2 Rh2+
50.Kg1 Rh1+ 51.Kf2 Ne7 52.Rxd4 Nd5 53.Ra4 Rh2+ 54.Kg1 Rh1+ 55.Kf2 Rh2+ 56.Kg1 Rh1+  1/2-1/2

[Event "Reykjavik op"]
[Site "Reykjavik"]
[Date "1984.??.??"]
[Round "9"]
[White "Schussler, Harry"]
[Black "Gutman, Lev"]
[Result "1-0"]
[WhiteElo "2445"]
[BlackElo "2480"]

1.e4 c5 2.Nf3 d6 3.Bb5+ Nc6 4.O-O Bd7 5.Re1 Nf6 6.c3 a6 7.Bf1 Bg4 8.d3 e6
9.h3 Bh5 10.Nbd2 d5 11.g4 dxe4 12.dxe4 Bg6 13.Nh4 Qc7 14.Qe2 Bd6 15.Nxg6 hxg6
16.Nc4 Bh2+ 17.Kg2 Nd7 18.Qe3 g5 19.Qxg5 f6 20.Qg6+ Kf8 21.e5 Ncxe5 22.Qe4 g5
23.f4 Bxf4 24.Bxf4 gxf4 25.Qxf4 Qc6+ 26.Kg3 Nf7 27.Bg2 e5 28.Qf5 Qc7 29.Rad1 Rd8
30.Be4 Nb6 31.Ne3 Rh6 32.h4 c4 33.Qf3 Nd6 34.g5 Nxe4+ 35.Qxe4 fxg5 36.hxg5 Rc6
37.Rh1 Rxd1 38.Rh8+  1-0

[Event "Kamen Piskov mem 4"]
[Site "Ruse"]
[Date "1984.??.??"]
[Round "8"]
[White "Ilievski, Dimitar"]
[Black "Cserna, Laszlo"]
[Result "1/2-1/2"]
[WhiteElo "2365"]
[BlackElo "2420"]

1.e4 c5 2.Nf3 d6 3.Bb5+ Bd7 4.Bxd7+ Nxd7 5.O-O Ngf6 6.Re1 e6 7.c3 Be7 8.d4 O-O
9.Nbd2 cxd4 10.Nxd4 a6 11.Qe2  1/2-1/2

[Event "BUL-ch"]
[Site "Sofia"]
[Date "1984.??.??"]
[Round "?"]
[White "Radulov, Ivan"]
[Black "Georgiev, Kiril"]
[Result "1/2-1/2"]
[WhiteElo "2450"]
[BlackElo "2515"]

1.e4 c5 2.Nf3 d6 3.Bb5+ Bd7 4.Bxd7+ Qxd7 5.O-O e6 6.c3 Nf6 7.Qe2 Nc6 8.d4 cxd4
9.cxd4 d5 10.e5 Ne4 11.Nbd2 Nxd2 12.Bxd2 Be7  1/2-1/2

[Event "BUL-ch"]
[Site "Sofia"]
[Date "1984.??.??"]
[Round "?"]
[White "Stefanov, Krasimir"]
[Black "Lukov, Valentin"]
[Result "1/2-1/2"]
[WhiteElo "2280"]
[BlackElo "2430"]

1.e4 c5 2.Nf3 d6 3.Bb5+ Bd7 4.Bxd7+ Nxd7 5.d4 cxd4 6.Qxd4 Ngf6 7.Nc3 g6 8.Bg5 Bg7
9.O-O h6 10.Bh4 O-O 11.Rfe1 Qb6 12.a4 Rfc8 13.Ra2 Qxd4 14.Nxd4 Rc4 15.Nf3 g5
16.Bg3 Nh5 17.Nd5 Nxg3 18.hxg3 Kf8 19.b3 Rc5 20.Rd1 Rac8 21.c4 R5c6 22.Rc2 Nc5
23.Nd2 e6 24.Nc3 a6 25.Rb1 Nd3 26.Kf1 Nb4 27.Rcc1 d5 28.exd5 exd5 29.Ne2 d4
30.g4 d3 31.Nc3 Nc2 32.Nde4 h5 33.Rd1 Rd8 34.Nd5 Na3 35.gxh5 Nxb1 36.Rxb1 b5
37.Nb4 Rcc8 38.Nxa6 bxc4 39.bxc4 Rxc4 40.Nxg5 Rxa4 41.Nc5 Ra1 42.Rxa1 Bxa1
43.Nce6+  1/2-1/2

[Event "URS-FL"]
[Site "Sverdlovsk"]
[Date "1984.??.??"]
[Round "?"]
[White "Gurgenidze, Bukhuti"]
[Black "Gavrikov, Viktor"]
[Result "1/2-1/2"]
[WhiteElo "2450"]
[BlackElo "2505"]

1.e4 c5 2.Nf3 d6 3.Bb5+ Bd7 4.Bxd7+ Qxd7 5.O-O Nf6 6.c3 e6 7.Re1 Nc6 8.d4 cxd4
9.cxd4 d5 10.e5 Ne4 11.Nbd2 Nxd2 12.Bxd2 Be7 13.Bg5 Bb4 14.Bd2 Be7 15.Bg5  1/2-1/2

[Event "Thessaloniki ol (Women)"]
[Site "Thessaloniki"]
[Date "1984.??.??"]
[Round "3"]
[White "Martin, Anne P"]
[Black "Arbil, Joan"]
[Result "0-1"]
[WhiteElo "1905"]
[BlackElo "1865"]

1.e4 c5 2.Nf3 d6 3.Bb5+ Nc6 4.O-O Bd7 5.c3 Nf6 6.Re1 e6 7.d4 cxd4 8.cxd4 d5
9.e5 Ne4 10.Bd3 Bb4 11.Nbd2 f5 12.exf6 Nxf6 13.Bf5 O-O 14.Bb1 Qb6 15.a3 Bd6
16.Nf1 Rae8 17.Bg5 Qxb2 18.Ra2 Qb6 19.Qd3 g6 20.Bh6 Rf7 21.Rae2 Ne7 22.Rd2 Nf5
23.Be3 Ne4 24.Rc2 Bb5 25.Qb3 Qa6 26.Qb2 Bd3 27.Ne5 Bxe5 28.dxe5 Bxc2 29.Bxc2 Qa5
30.Rd1 Qc3 31.Qxc3 Nxc3 32.Rd3 Nxe3 33.Rxe3 Nb5 34.Ba4 a6 35.Bxb5 axb5 36.Rb3 Ref8
37.f3 Ra8 38.Ne3 Kf8 39.Kf2 Rc7 40.f4 Rc5  0-1

[Event "Troon"]
[Site "Troon"]
[Date "1984.??.??"]
[Round "8"]
[White "Morrison, Graham"]
[Black "Plaskett, Jim"]
[Result "1/2-1/2"]
[WhiteElo "2335"]
[BlackElo "2470"]

1.e4 c5 2.Nf3 d6 3.Bb5+ Bd7 4.Bxd7+ Nxd7 5.O-O Ngf6 6.Qe2 e6 7.b3 Be7 8.Bb2 O-O
9.c4 a6 10.Nc3 Re8 11.d4 cxd4 12.Nxd4 Qa5 13.Kh1 Rac8 14.Rac1 Qh5 15.f3 Ne5
16.Rcd1 Bf8 17.g4 Qh4 18.Qg2 Ng6 19.a4 Nf4 20.Qg3 Qxg3 21.hxg3 Ng6 22.Rf2 h6
23.Ba3 Ne5 24.Nc2 Red8  1/2-1/2

[Event "Valjevo"]
[Site "Valjevo"]
[Date "1984.??.??"]
[Round "10"]
[White "Martinovic, Slobodan"]
[Black "Cvitan, Ognjen"]
[Result "1/2-1/2"]
[WhiteElo "2415"]
[BlackElo "2480"]

1.e4 c5 2.Nf3 d6 3.Bb5+ Bd7 4.Bxd7+ Qxd7 5.O-O Nf6 6.Qe2 Nc6 7.c3 e6 8.d4 cxd4
9.cxd4 d5 10.e5 Ne4 11.Nbd2 Nxd2 12.Bxd2 Be7 13.Rac1 O-O 14.a3 Rac8 15.Qd3 a6
16.Rc2 Na7 17.Rfc1 Rxc2 18.Rxc2 Rc8 19.Kf1 h6 20.Ke2  1/2-1/2

[Event "Vrnjacka Banja"]
[Site "Vrnjacka Banja"]
[Date "1984.??.??"]
[Round "?"]
[White "Nikolic, Zivoslav"]
[Black "Sahovic, Dragutin"]
[Result "1/2-1/2"]
[WhiteElo "2420"]
[BlackElo "2425"]

1.e4 c5 2.Nf3 d6 3.Bb5+ Nd7 4.a4 Nf6 5.d3 e6 6.O-O Be7 7.a5 O-O 8.a6 Qb6
9.axb7 Bxb7 10.c4 a6 11.Ba4 Qc7 12.Qe2 Nb6 13.Bc2 Nfd7 14.Bd2 Bf6 15.Ra2 Nc8
16.Ba5 Qb8 17.Nbd2 Ne7 18.Rb1 Nc6 19.Bc3 Qc7 20.Ba4 Bxc3 21.bxc3 Rfb8 22.Rba1  1/2-1/2

[Event "Yerevan"]
[Site "Yerevan"]
[Date "1984.??.??"]
[Round "?"]
[White "Kholmov, Ratmir D"]
[Black "Kupreichik, Viktor D"]
[Result "1/2-1/2"]
[WhiteElo "2465"]
[BlackElo "2480"]

1.e4 c5 2.Nf3 d6 3.Bb5+ Bd7 4.Bxd7+ Qxd7 5.O-O Nc6 6.d4 cxd4 7.Nxd4 Nf6 8.Nc3 g6
9.f3 Bg7 10.Be3 O-O 11.Qd2 Rac8 12.Nde2 a6 13.Bh6 Rfd8 14.Bxg7 Kxg7 15.Rfd1 Qc7  1/2-1/2

[Event "Yerevan"]
[Site "Yerevan"]
[Date "1984.??.??"]
[Round "?"]
[White "Lukov, Valentin"]
[Black "Novikov, Igor A"]
[Result "1/2-1/2"]
[WhiteElo "2435"]
[BlackElo "2420"]

1.e4 c5 2.Nf3 d6 3.Bb5+ Bd7 4.Bxd7+ Nxd7 5.O-O Ngf6 6.Qe2 e6 7.c3 Be7 8.d4 O-O
9.Bg5 cxd4 10.cxd4 d5 11.e5 Ne4 12.Bxe7 Qxe7 13.Nbd2 Nxd2 14.Qxd2 Nb6 15.Rfc1 Rfc8
16.Rxc8+ Rxc8 17.Rc1 Rc7 18.Rxc7 Qxc7 19.b3 Nc8 20.Ne1 Ne7 21.Nc2 f6 22.exf6 gxf6
23.g3 Kg7 24.Ne3 Qb6 25.Qd1 Nc6  1/2-1/2

[Event "Zuerich op"]
[Site "Zuerich"]
[Date "1984.??.??"]
[Round "1"]
[White "Dueckstein, Andreas"]
[Black "Tatai, Stefano"]
[Result "1/2-1/2"]
[WhiteElo "2340"]
[BlackElo "2490"]

1.e4 c5 2.Nf3 d6 3.Bb5+ Bd7 4.Bxd7+ Nxd7 5.O-O Ngf6 6.Re1 e6 7.d4 cxd4 8.Qxd4 Qb6
9.Qd1 Rc8 10.b3 Nc5 11.Nbd2 Be7 12.Bb2 O-O 13.e5 dxe5 14.Nxe5 Rfd8 15.Nec4 Qc6
16.Qe2 Ncd7 17.Nf3 Nf8  1/2-1/2

[Event "Zuerich op"]
[Site "Zuerich"]
[Date "1984.??.??"]
[Round "9"]
[White "Keller, Dieter"]
[Black "Tatai, Stefano"]
[Result "1/2-1/2"]
[WhiteElo "2405"]
[BlackElo "2490"]

1.e4 c5 2.Nf3 d6 3.Bb5+ Bd7 4.Qe2 Bxb5 5.Qxb5+ Qd7 6.Qxd7+ Nxd7 7.Nc3 a6
8.d4 Ngf6 9.Bg5 cxd4 10.Nxd4 Rc8 11.f3 e6 12.O-O-O Be7 13.Rhe1 h6 14.Bh4 g5
15.Bg3 Ne5 16.Kb1 Nfd7 17.Nde2 Nc4 18.Bf2 Bf6 19.a4 Ke7 20.b3 Na5 21.Bd4 Be5
22.Rd2 Rc7 23.Nd1 Rhc8 24.Ne3 Nc6 25.Bxe5 Ndxe5 26.Nd4 Nxd4 27.Rxd4 b5 28.axb5 axb5
29.Kb2 Ra8 30.Rdd1 Rca7 31.Ra1 Kd7 32.Rxa7+ Rxa7 33.Rd1 Kc6 34.c3 h5 35.Nc2 h4
36.Nd4+ Kc5 37.Nc2 Ra8 38.Ne3 Kc6 39.Nc2 Ng6 40.Nd4+ Kc5 41.Nc2 Ne5 42.Rd2 Kc6
43.Nb4+ Kc7 44.Rf2 Rg8 45.Rf1 g4 46.f4 Nd7 47.Nd3 Nc5 48.Nxc5 dxc5 49.Ra1 Kb6
50.Rd1 Kc7 51.Ra1 Kb6 52.Rd1 Kc7 53.Kb1 h3 54.g3 f6 55.Kb2 Rd8 56.Rxd8 Kxd8
57.Kc2  1/2-1/2

[Event "OHRA-B"]
[Site "Amsterdam"]
[Date "1985.??.??"]
[Round "7"]
[White "Belkhodja, Slim"]
[Black "Bosboom, Manuel"]
[Result "1/2-1/2"]
[WhiteElo "2385"]
[BlackElo "2340"]

1.e4 c5 2.Nf3 d6 3.Bb5+ Bd7 4.Bxd7+ Qxd7 5.c4 Nf6 6.Nc3 g6 7.d4 cxd4 8.Nxd4 Bg7
9.f3 O-O 10.Be3 a6 11.O-O Nc6 12.Qd2 Rab8 13.Rac1 Ne5 14.b3 b5 15.cxb5 axb5
16.Nd5 Rb7 17.h3 Qd8 18.Nxf6+ Bxf6 19.f4 Nd7 20.Nc6 Qa8 21.Bd4 Bxd4+ 22.Qxd4 Re8
23.Rc2 Nc5 24.Nb4 Ne6 25.Qd5 Rc7 26.Qxa8 Rxa8 27.Rxc7 Nxc7 28.Rc1 Ne6 29.g3 f5
30.exf5 gxf5 31.Rd1 Rc8 32.Rd5 Rc5 33.Kf2 Kf7 34.a4 bxa4 35.bxa4 Rc3 36.Rxf5+ Kg6
37.g4 Nc5 38.Rg5+ Kf7 39.Rh5 Rc4 40.Nd5 e6 41.Nb6 Rxf4+ 42.Kg2 Kg6 43.a5 Rb4
44.Nc8 Rb2+ 45.Kf3 Rb3+ 46.Kg2 Nd3 47.Kf3 Nc5+ 48.Kg2 Nd3 49.Kf3 Nb4+ 50.Kf2 d5
51.h4 Nd3+ 52.Kf3 Ra3 53.Rg5+ Kf6 54.Rg8 Rxa5 55.h5 Ra3 56.g5+ Kf7 57.Rh8 Kg7
58.Re8 Ra6 59.Re7+ Kg8 60.h6 Ne5+ 61.Ke3 Ng6 62.Rg7+ Kh8  1/2-1/2

[Event "AUT-ch"]
[Site "?"]
[Date "1985.??.??"]
[Round "1"]
[White "Dueckstein, Andreas"]
[Black "Wittmann, Walter"]
[Result "1/2-1/2"]
[WhiteElo "2335"]
[BlackElo "2385"]

1.e4 c5 2.Nf3 d6 3.Bb5+ Bd7 4.Bxd7+ Qxd7 5.O-O e6 6.c3 Nf6 7.Qe2 Nc6 8.d4 cxd4
9.cxd4 d5 10.e5 Ne4 11.Be3 Be7 12.Ne1 f5 13.f3 Ng5 14.Nd3 Nf7 15.Nd2 O-O
16.Rfc1 b6 17.Rc3 Rfc8 18.Rac1 Nb4 19.Nxb4 Bxb4 20.Rxc8+ Rxc8 21.Rxc8+ Qxc8
22.Qb5 Be7 23.Nb1 Kf8 24.Nc3 Nd8 25.Kf2 Qb7 26.Ke2 a6 27.Qd3 b5 28.g4 g6
29.gxf5 exf5 30.Kd1 Ne6 31.Ne2 Ke8 32.Nf4 Nxf4 33.Bxf4 Qc6 34.b3 Kf7 35.Bd2 Ke6
36.f4 Kf7 37.Qh3 Kg7 38.Qf3 h6 39.Qd3 Kh7 40.Qf3 Kg8 41.Ke2 Kf7 42.Kd1 Ke6  1/2-1/2

[Event "Balatonbereny op"]
[Site "Balatonbereny"]
[Date "1985.??.??"]
[Round "4"]
[White "Prelovszky, Laszlo"]
[Black "Mokry, Karel"]
[Result "0-1"]
[WhiteElo "2260"]
[BlackElo "2455"]

1.e4 c5 2.Nf3 d6 3.Bb5+ Bd7 4.Bxd7+ Nxd7 5.O-O Ngf6 6.Re1 e6 7.c3 Be7 8.d4 cxd4
9.cxd4 d5 10.e5 Ne4 11.Nbd2 Nxd2 12.Bxd2 Nb8 13.b4 Nd7 14.a4 Nb6 15.a5 Nc4
16.b5 Qd7 17.Qb3 O-O 18.Bc3 Rac8 19.Rec1 f6 20.h3 fxe5 21.Nxe5 Nxe5 22.dxe5 Bc5
23.Be1 Bd4 24.Rab1 Bxe5 25.a6 Bd4 26.axb7 Qxb7 27.Rxc8 Rxc8 28.Kh1 Qb6 29.f3 Qc7
30.Qb4 Qc4 31.Qe7 Qf1+ 32.Kh2 Qg1+ 33.Kg3 Be5+ 34.f4 Qe3+  0-1

[Event "Borgarnes"]
[Site "Borgarnes"]
[Date "1985.??.??"]
[Round "7"]
[White "Jansa, Vlastimil"]
[Black "Sigurjonsson, Gudmundur"]
[Result "1/2-1/2"]
[WhiteElo "2465"]
[BlackElo "2485"]

1.e4 c5 2.Nf3 d6 3.Bb5+ Bd7 4.Bxd7+ Qxd7 5.O-O e6 6.c4 Nf6 7.Nc3 Nc6 8.d4 cxd4
9.Nxd4 Be7 10.b3 O-O 11.Bb2 Rfd8 12.Rc1 a6 13.Re1  1/2-1/2

[Event "Alfoldi mem (Women)"]
[Site "Budapest"]
[Date "1985.??.??"]
[Round "?"]
[White "Van der Mije, Alexandra"]
[Black "Szaday, Laszlone"]
[Result "1-0"]
[WhiteElo "2125"]
[BlackElo "1980"]

1.e4 c5 2.Nf3 d6 3.Bb5+ Bd7 4.Bxd7+ Qxd7 5.O-O Nc6 6.d4 cxd4 7.Nxd4 g6 8.b3 Bg7
9.Bb2 Nf6 10.f3 O-O 11.Na3 a6 12.c4 Nh5 13.Nac2 b5 14.cxb5 axb5 15.Qd2 Ra6
16.Kh1 Rfa8 17.a3 Na5 18.Nb4 e5 19.Nxa6 exd4 20.Qxa5 Qb7 21.Qd2 Rxa6 22.Bxd4 Bf8
23.Bb2 Qe7 24.Qc3 Ng7 25.Rfd1 Qh4 26.Rd5 Qf2 27.b4 h5 28.Rad1 h4 29.R5d2 Qa7
30.Rd5 Qf2 31.Qd2 Qa7 32.Rc1 Ne6 33.Rc8 Qe7 34.Qh6 Ng7 35.Qxg7+  1-0

[Event "ARG-ch"]
[Site "Buenos Aires"]
[Date "1985.??.??"]
[Round "3"]
[White "Szmetan, Jorge"]
[Black "Darcyl, Tomas"]
[Result "1-0"]
[WhiteElo "2375"]
[BlackElo "2285"]

1.e4 c5 2.Nf3 d6 3.Bb5+ Nd7 4.d4 Nf6 5.Nc3 cxd4 6.Qxd4 e5 7.Qd3 h6 8.Nd2 Be7
9.Nc4 O-O 10.Bxd7 Bxd7 11.Ne3 Be6 12.O-O Rc8 13.g3 Qb6 14.Kh1 Rxc3 15.bxc3 Qc6
16.f3 d5 17.Nf5 Bc5 18.Be3 dxe4 19.fxe4 Nxe4 20.Kg1 g6 21.Bxc5 Qxc5+ 22.Ne3 Nxc3
23.h4 Bf5 24.Qd2 Ne4 25.Qe1 Rd8 26.Kh1 Rd2 27.Rf3 Qd4 28.Rd1 Rxd1 29.Qxd1 Nd2
30.Nxf5 gxf5 31.Rd3 Qe4+ 32.Kh2 Nc4 33.Qf3 Kg7 34.Qxe4 fxe4 35.Rc3 b5 36.g4 Kg6
37.Kg3 h5 38.g5 f5 39.gxf6 Kxf6 40.a4 a6 41.Rb3 Nd6 42.axb5 axb5 43.Ra3 Ke6
44.Ra8 Kd5 45.Rf8 Kd4 46.Rd8 Kc5 47.Kf2 Nf5 48.Rf8 Nxh4 49.Ke3 Nf3 50.Kxe4 Nd2+
51.Kxe5 Nc4+ 52.Ke4 Kb4 53.Kd3 Nb2+ 54.Kd4 Nc4 55.Rh8 h4 56.Rxh4 Nd6 57.Rh3 Nc4
58.Rb3+ Ka5 59.Kc5 Ka4 60.Rb4+  1-0